000 00473cam a2200193ua 4500
001 9291
005 20260515114441.0
008 150225n ii |||gr||||Z||||||eng
040 _cMAIN
041 _aeng
082 _a820
100 _aThornley, G. C.,
_eAuthor.
245 1 _aOutline of english literature
_cBy G. C. Thornley
250 _a1st.
260 _aNew Delhi:
_bOrient,
_c1994.
300 _a156p.
653 _aEnglish.& Old English literatures
942 _cBK
999 _c8351
_d8351